00729nam a22002057a 450000500170000001000150001702000260003203500140005803700130007208200110008510000240009624500890012026000360020927000510024530000200029650000400031694200250035699900190038195201230040020171122160510.0 aENG-121573 a9788188571758c475.00 aEN-105105 bDBAD/PUB a883.09 aSingh, Anjani Kumar aThe Indian political scenario in Nayantara Sahgal's novels /cby Anjani Kumar Sharma aKanpurbChintan Prakashanc2013 a3A/119, Avas Vikas, Hanspuram,bKanpure208021 a136p.c23cm(Hb) aIncludes bibliographical references 2ddccENh883.09mSIN c147669d147669 001040718NFICaDBADbBNd2017-11-22eDBAD/PUBg475.00l0o883.09 SINpEN-105105r2017-11-22 00:00:00t1v475.00yEN